ბათუმის შოთა რუსთაველის სახელმწიფო უნივერსიტეტის ბიბლიოთეკა

ხეხილის ბოტანიკური ლექსიკონი = Ботанический словарь плодовых : (ბიბ.ჩანაწერი № 34551)

000 -ლიდერი
ფიქსირებული სიგრძის საკონტროლო ველი 01302nam a2200241Ia 4500
001 - საკონტროლო ნომერი
საკონტროლო ველი 311
003 - საკონტროლო ნომრის იდენტიფიკატორი
საკონტროლო ველი GE_BSU
005 - ბოლო ოპერაციის თარიღი და დრო
საკონტროლო ველი 20200131150342.0
008 - ფიქსირებული სიგრძის მონაცემთა ელემენტები - ზოგადი ინფორმაცია
ფიქსირებული სიგრძის საკონტროლო ველი 181216s2009||||ge |||||||||||||| ||geo||
040 ## - კატალოგიზაციის წყარო
Transcribing agency GE_BSU
041 ## - ენის კოდი
Language code of text/sound track or separate title geo
080 ## - უნივერსალური ათობითი კლასიფიკაციის ინდექსი
Universal Decimal Classification number 634(038) ბ-15
100 ## - მთავარი ჩანაწერი - პიროვნების სახელი
Personal name ბადრიშვილი, გივი
9 (RLIN) 6643
245 ## - ცნობა სათაურის შესახებ
Title ხეხილის ბოტანიკური ლექსიკონი = Ботанический словарь плодовых :
Remainder of title სახელწოდებები ქართულ, რუსულ და ლათინურ ენებზე /
Statement of responsibility, etc გივი ბადრიშვილი, გიორგი ბადრიშვილი ; [რედ. ნათელა ბირკაია].
264 ## - წარმოების, გამოცემის, დისტრიბუციის და სხვა ცნობები
გამოცემის, წარმოების, დისტრიბუციის... ადგილი თბილისი,
გამოცემის, წარმოების, დისტრიბუციის... სახელწოდება [საარი],
გამოცემის, წარმოების, დისტრიბუციის... თარიღი 2009.
300 ## - ფიზიკური აღწერა
Extent 100 გვ.;
Other physical details 24 სმ.
504 ## - BIBLIOGRAPHY, ETC. NOTE
Bibliography, etc ბიბლიოგრ.: გვ. 98-99
653 ## - INDEX TERM--UNCONTROLLED
Uncontrolled term ბოტანიკური ლექსიკონი
653 ## - INDEX TERM--UNCONTROLLED
Uncontrolled term ხეხილის ბოტანიკური ლექსიკონი
700 ## - ADDED ENTRY--PERSONAL NAME
Personal name ბადრიშვილი, გიორგი
Relator term ავტორი
9 (RLIN) 6644
700 ## - ADDED ENTRY--PERSONAL NAME
Personal name ბირკაია, ნათელა
Relator term რედაქტორი
9 (RLIN) 6645
942 ## - ADDED ENTRY ELEMENTS (KOHA)
Koha item type წიგნი
Source of classification or shelving scheme
ეგზემპლარები
ჩამოწერის სტატუსი დაკარგული ეგზემპლარის სტატუსი კლასიფიკაციის წყარო ან თაროზე გაწყობის სქემა დაზიანების სტატუსი არ გაიცემა მუდმივი მდებარეობა (დაცვის ადგილი) ამჟამინდელი ადგილსამყოფელი თაროზე განთავსების ადგილი შეძენის თარიღი ღირებულება, შესყიდვის ნორმალური ფასი სრული შენახვის შიფრი შტრიხკოდი ბოლო ოპერაციის თარიღი ეგზემპლარის მიმდევრობითი ნომერი (კეტერი?) ფასის ძალაში შესვლის თარიღი ეგზემპლარის სახეობა საჯარო შენიშვნა
          ბათუმის შოთა რუსთაველის სახელმწიფო უნივერსიტეტის მთავარი ბიბლიოთეკა ბათუმის შოთა რუსთაველის სახელმწიფო უნივერსიტეტის მთავარი ბიბლიოთეკა წიგნსაცავი 2018-12-17 20.00 634(038) ბ-15 518 2018-12-17 518 2018-12-17 წიგნი 20 ლ.
          ბათუმის შოთა რუსთაველის სახელმწიფო უნივერსიტეტის მთავარი ბიბლიოთეკა ბათუმის შოთა რუსთაველის სახელმწიფო უნივერსიტეტის მთავარი ბიბლიოთეკა წიგნსაცავი 2018-12-17 20.00 634(038) ბ-15 517 2018-12-17 517 2018-12-17 წიგნი 20 ლ.